01390 a2200277 4500003000500000005001700005010001700022020001500039035002300054040000900077082001000086100002200096245010600118246003700224260005000261300002100311505034100332650003000673650003200703650002800735650002500763650004700788856010600835856009100941856008001032Nust20230222094759.0 a 2003113380 a1876175966 a(OCoLC)ocm54544585 cNust a327.11 aRamonet, Ignacio.10aWars of the 21st century :bnew threats, new fears /cIgnacio Ramonet ; translated by Julie Flanagan.3 aWars of the twenty-first century aMelbourne ;aNew York :bOcean Press,cc2004. a181 p. ;c22 cm. aThe New Face of the World (Page-1), September 11 2001 (Page-32), The Middle East (Page-53), Globalization Antiglibization Planetary Social War (Page-73), The Kosovo War and the New World War (Page-92), The Ecosystems In Danger New Threats New Fears (Page-114), The Empire Against Iraq (Page-137), Another World is Possible (Page-161). 0aGeopoliticsxForecasting. 0aGlobalizationxForecasting. 0aTerrorismxForecasting. 0aTwenty-first century 0aWorld politicsy21st centuryxForecasting.413Contributor biographical informationuhttp://www.loc.gov/catdir/enhancements/fy1007/2003113380-b.html413Publisher descriptionuhttp://www.loc.gov/catdir/enhancements/fy0615/2003113380-d.html413Table of contents onlyuhttp://www.loc.gov/catdir/toc/fy054/2003113380.html